| 000 | 00844nam a2200241 u 4500 | ||
|---|---|---|---|
| 001 | 000544602 | ||
| 003 | AM-YeHGA | ||
| 005 | 20250617135708.0 | ||
| 008 | 070711s1972 ru |||||r|||||000|0|rus|d | ||
| 040 | _aAM-YeHGA | ||
| 041 | 0 | _arus | |
| 100 | 1 | _aУкраинцев, Борис Сергеевич | |
| 245 | 1 | 0 |
_aСамоуправляемые системы и причинность / _cБ.С. Украинцев ; АН СССР. Ин-т филос. |
| 260 |
_aМосква : _bМысль, _c1972. |
||
| 300 |
_a256 с. ; _c16 см. |
||
| 500 | _aСписок лит. в подстроч. примеч. | ||
| 650 | 1 | 4 | _aПричинная связь |
| 650 | 1 | 4 | _aАуторегуляция |
| 650 | 1 | 4 | _aЦели |
| 650 | 1 | 4 | _aФилософия |
| 710 | 2 | _aИнститут философии АН СССР | |
| 090 | _c207025 | ||
| 999 |
_c205527 _d205527 |
||